The stigma of defeat (Record no. 520818)
[ view plain ]
| 000 -LEADER | |
|---|---|
| fixed length control field | 00237nam a22000977a 4500 |
| 082 ## - DEWEY DECIMAL CLASSIFICATION NUMBER | |
| Classification number | TNC A6x5444 D28 |
| 100 ## - MAIN ENTRY--PERSONAL NAME | |
| Personal name | Deshpandy Anirudh |
| 9 (RLIN) | 33706 |
| 245 ## - TITLE STATEMENT | |
| Title | The stigma of defeat |
| 260 ## - PUBLICATION, DISTRIBUTION, ETC. (IMPRINT) | |
| Place of publication, distribution, etc | New Delhi |
| Name of publisher, distributor, etc | Nehru Memorial Museum |
| 300 ## - PHYSICAL DESCRIPTION | |
| Extent | 44p. |
| Withdrawn status | Lost status | Source of classification or shelving scheme | Damaged status | Koha normalized classification for sorting | Not for loan | Permanent location | Current location | Date acquired | Full call number | Barcode | Date last seen | Price effective from | Koha item type |
|---|---|---|---|---|---|---|---|---|---|---|---|---|---|
| TNC_A6X5444_D28 | Indian Institute of Public Administration | Indian Institute of Public Administration | 2022-10-17 | TNC A6x5444 D28 | GR24000 | 2022-10-17 | 2022-10-17 | GR |
